000 00294nam a22001337a 4500
003 SGT
082 _a616.0757
_bD12B
100 _aBISSET,RAI
245 _aDIFFERENTIAL DIAGNOSIS IN ABDOMINAL ULTRASOUND
250 _a4TH
260 _aINDIA
_bELSEVIER
_c2012
300 _a445
942 _2ddc
_cBK
999 _c14319
_d14319